| 000 | 00857nam a2200229 a 4500 | ||
|---|---|---|---|
| 001 | 65830 | ||
| 003 | BD-RjUL | ||
| 005 | 20211209081452.0 | ||
| 008 | 170312s2008 bg |||| |||| 000 0 be d | ||
| 020 | _c: Tk. 250.00 | ||
| 035 | _a(BD-RjUL)65960 | ||
| 040 |
_aBD-RjUL _bben _cBD-RjUL _dBD-RjUL |
||
| 041 | _aben | ||
| 082 |
_223 _a891.44092 _bMAH 2008 |
||
| 245 | 1 | 0 |
_aমাহবুবুল হক সম্মাননা স্মারক / _cরাশেদ রউফ |
| 260 |
_aচট্টগ্রাম : _bচট্টগ্রাম একাডেমী, _c২০০৮ |
||
| 300 |
_a২০৮ পৃ. ; _c২১ সেমি. |
||
| 600 |
_aহক, মাহবুবুল _d১৯৪৮- _xজীবনী _9194723 |
||
| 600 |
_aHoque, Mahabubul _d1948- _xBiography _9194724 |
||
| 700 |
_aরউফ, রাশেদ _9175741 |
||
| 942 |
_2ddc _cBK |
||
| 999 |
_c65830 _d65830 |
||